Typing Marathon: Gettysburg Address Quiz Stats

 Plays Quiz Updated Nov 19, 2017

Challenge
Share
Tweet
Embed
Score 0/271 Timer 04:00
3 Plays Today
Words to Type... Here! % Correct
FourFour
99.9%
scorescore
99.4%
andand
99.1%
sevenseven
98.7%
yearsyears
98.4%
agoago
98.2%
ourour
97.8%
fathersfathers
97.4%
broughtbrought
97%
forthforth
96.9%
onon
96.8%
thisthis
96.7%
continent,continent,
96.3%
aa
96.3%
newnew
96.2%
nation,nation,
96.1%
inin
95.6%
conceivedconceived
95.6%
Liberty,Liberty,
95.4%
andand
95.4%
toto
95.2%
dedicateddedicated
95.2%
thethe
95.1%
thatthat
94.7%
propositionproposition
94.6%
allall
94.6%
menmen
94.6%
areare
94.6%
createdcreated
94.5%
equal.equal.
94.4%
NowNow
94.1%
wewe
94.1%
areare
94.1%
engagedengaged
93.9%
aa
93.9%
inin
93.9%
greatgreat
93.8%
civilcivil
93.7%
war,war,
93.6%
testingtesting
93.4%
thatthat
93.3%
whetherwhether
93.3%
nation,nation,
93.2%
oror
93.2%
anyany
93.2%
nationnation
93.1%
soso
93%
conceivedconceived
92.7%
andand
92.7%
soso
92.6%
cancan
92.4%
dedicated,dedicated,
92.4%
longlong
92.3%
endure.endure.
92.2%
WeWe
92.1%
areare
92%
metmet
92%
onon
91.9%
aa
91.9%
greatgreat
91.8%
battle-fieldbattle-field
91.5%
ofof
91.4%
thatthat
91.4%
war.war.
91.3%
WeWe
91.2%
havehave
91.1%
comecome
91.1%
toto
91%
dedicatededicate
90.8%
aa
90.8%
portionportion
90.6%
ofof
90.6%
thatthat
90.5%
field,field,
90.3%
asas
90.2%
aa
90.2%
finalfinal
90.1%
restingresting
89.9%
placeplace
89.8%
forfor
89.6%
thosethose
89.5%
whowho
89.4%
herehere
89.3%
gavegave
89.1%
theirtheir
88.9%
liveslives
88.7%
thatthat
88.6%
thatthat
88.3%
nationnation
88.1%
mightmight
88%
live.live.
87.8%
Words to Type... Here! % Correct
ItIt
87.6%
isis
87.5%
altogetheraltogether
87.1%
fittingfitting
86.9%
andand
86.8%
properproper
86.6%
thatthat
86.4%
wewe
86.4%
shouldshould
86.1%
dodo
86%
this.this.
85.8%
But,But,
85.7%
inin
85.6%
aa
85.6%
largerlarger
85.4%
sense,sense,
85.1%
wewe
85%
cancan
85%
notnot
84.8%
dedicate --dedicate --
84.4%
wewe
84.3%
cancan
84.1%
notnot
83.9%
consecrate --consecrate --
83.3%
wewe
83.2%
cancan
83.1%
notnot
83%
hallow --hallow --
82.7%
thisthis
82.6%
ground.ground.
82.4%
TheThe
82.3%
bravebrave
82.1%
men,men,
82%
livingliving
81.7%
andand
81.7%
dead,dead,
81.5%
whowho
81.3%
struggledstruggled
80.9%
here,here,
80.8%
havehave
80.5%
consecratedconsecrated
79.9%
it,it,
79.7%
farfar
79.5%
aboveabove
79.2%
ourour
79%
poorpoor
78.7%
powerpower
78.5%
toto
78.4%
addadd
78.1%
oror
77.9%
detract.detract.
77.3%
TheThe
76.9%
worldworld
76.6%
willwill
76.4%
littlelittle
76%
note,note,
75.6%
nornor
75.4%
longlong
75.1%
rememberremember
74.5%
whatwhat
74.1%
wewe
74%
saysay
73.8%
here,here,
73.5%
butbut
73.2%
itit
73%
cancan
72.7%
nevernever
72.2%
forgetforget
71.5%
whatwhat
71.3%
theythey
70.9%
diddid
70.7%
here.here.
70.2%
ItIt
69.9%
isis
69.7%
forfor
69.4%
usus
69.1%
thethe
68.9%
living,living,
68.3%
rather,rather,
67.7%
toto
67.3%
bebe
67%
dedicateddedicated
66.2%
herehere
65.8%
toto
65.5%
thethe
65.3%
unfinishedunfinished
64.1%
workwork
63.7%
whichwhich
63.1%
theythey
62.6%
whowho
62.2%
foughtfought
61.3%
Words to Type... Here! % Correct
herehere
60.8%
havehave
60.3%
thusthus
59.8%
farfar
59.3%
soso
59%
noblynobly
58%
advanced.advanced.
56.9%
ItIt
56.5%
isis
56.3%
ratherrather
55.4%
forfor
54.9%
usus
54.6%
toto
54.4%
bebe
54%
herehere
53.5%
dedicateddedicated
52.3%
toto
52%
thethe
51.6%
greatgreat
50.9%
tasktask
50%
remainingremaining
48.8%
beforebefore
48%
us --us --
47.7%
thatthat
47.2%
fromfrom
46.6%
thesethese
46%
honoredhonored
45%
deaddead
44.4%
wewe
44.1%
taketake
43.5%
increasedincreased
42.3%
devotiondevotion
41.2%
toto
40.8%
thatthat
40.4%
causecause
39.7%
forfor
39.3%
whichwhich
38.7%
theythey
38.1%
gavegave
37.3%
thethe
37%
lastlast
36.4%
fullfull
35.8%
measuremeasure
35.1%
ofof
34.8%
devotion --devotion --
33.9%
thatthat
33.4%
wewe
33.1%
herehere
32.8%
highlyhighly
31.9%
resolveresolve
31.1%
thatthat
30.7%
thesethese
30.1%
deaddead
29.5%
shallshall
28.9%
notnot
28.7%
havehave
28.3%
dieddied
28%
inin
27.7%
vain --vain --
27.2%
thatthat
26.9%
thisthis
26.5%
nation,nation,
26.1%
underunder
25.6%
God,God,
25.3%
shallshall
24.8%
havehave
24.5%
aa
24.2%
newnew
23.9%
birthbirth
23.2%
ofof
22.9%
freedom --freedom --
22.1%
andand
21.9%
thatthat
21.7%
governmentgovernment
20.8%
ofof
20.6%
thethe
20.3%
people,people,
19.7%
byby
19.4%
thethe
19%
people,people,
18.6%
forfor
18.2%
thethe
18.1%
people,people,
17.4%
shallshall
17.1%
notnot
16.8%
perishperish
16.2%
fromfrom
15.8%
thethe
15.6%
earth.earth.
15.2%

You're not logged in!

Compare scores with friends on all Sporcle quizzes.
OR
Log In

You Might Also Like...

Show Comments

Extras

Top Quizzes Today


Score Distribution

Your Account Isn't Verified!

In order to create a playlist on Sporcle, you need to verify the email address you used during registration. Go to your Sporcle Settings to finish the process.

Report this User

Report this user for behavior that violates our Community Guidelines.

Details: